000 00511nam a22001817a 4500
999 _c18449
_d18449
003 AR-CdUCM
008 190514b ||||| |||| 00| 0 spa d
040 _aMUNICIPALIDAD PROVINCIAL DEL CUSCO
_cBIBLIOTECA MUNICIPAL DEL CUSCO
082 _a802.01 /
_bO73
100 _aOrtega y Gasset, Jose
_95772
245 _aIdea del teatro /
260 _aMadrid :
_bOccidente,
_c1958.
300 _a101 páginas ;
_c22 cm.
505 _aLiteratura.
650 _aLiteratura.
_983
942 _2ddc
_cLIBROS
945 _awfj